E-governance: Learning from Karnataka (Record no. 512744)

000 -LEADER
fixed length control field 01478nam a2200157 4500
008 - FIXED-LENGTH DATA ELEMENTS--GENERAL INFORMATION
fixed length control field 191213b ||||| |||| 00| 0 eng d
100 ## - MAIN ENTRY--PERSONAL NAME
Personal name Vaddiraju, Anil Kumar
245 ## - TITLE STATEMENT
Title E-governance: Learning from Karnataka
260 ## - PUBLICATION, DISTRIBUTION, ETC. (IMPRINT)
Name of publisher, distributor, etc Indian Journal of Public Administration
300 ## - PHYSICAL DESCRIPTION
Extent 65(2), Jun, 2019: p.416-429.
520 ## - SUMMARY, ETC.
Summary, etc The technological changes of the 20th and 21st centuries, the growth of computer technologies, digital technologies and telecommunications have changed the way the state conducts its functions and delivers governance. Whether or not they have improved the welfare function of the state, the way governance is delivered has been altered. In this article, we discuss the application of electronic governance (e-governance) in Karnataka with the help of three case studies. We discuss the cases of land records management in rural and urban areas and initiatives in Bengaluru traffic management. The case studies indicate that e-governance improves service delivery and that there are points to be gleaned from the successful implementation of the same in Karnataka. Finally, we argue that while there is necessity for optimism regarding the application of technology in service-delivery functions, the overall digitisation of economy may be something qualitatively different. - Reproduced.
700 ## - ADDED ENTRY--PERSONAL NAME
Personal name Manasi, S.
9 (RLIN) 14511
773 ## - HOST ITEM ENTRY
Main entry heading Indian Journal of Public Administration
906 ## - LOCAL DATA ELEMENT F, LDF (RLIN)
Subject DIP E-governance - India - Karnataka
942 ## - ADDED ENTRY ELEMENTS (KOHA)
Source of classification or shelving scheme
Item type Articles
Holdings
Withdrawn status Lost status Source of classification or shelving scheme Damaged status Not for loan Permanent location Current location Date acquired Serial Enumeration / chronology Barcode Date last seen Koha item type
          Indian Institute of Public Administration Indian Institute of Public Administration 2019-12-13 65(2), Jun, 2019: p.416-429. AR122074 2019-12-13 Articles

Powered by Koha